| 000 | 00416nam a2200157Ia 4500 | ||
|---|---|---|---|
| 008 | 230524s9999 xx 000 0 und d | ||
| 082 | _bMIS | ||
| 100 |
_aRama Kant Mishra _942038 |
||
| 245 | 0 | _aMother Earth: Problems of Protection of Global Environment | |
| 250 | _a2 | ||
| 260 |
_aBBSR _bMagnum Printers _c2006 |
||
| 300 | _a"V,224p;" | ||
| 500 | _aQuantity Number: 1 | ||
| 650 | _aEnvironmental | ||
| 942 | _cBK | ||
| 999 |
_c56454 _d56454 |
||